000 00677nam a2200289Ia 4500
005 20260324133620.0
008 008 260324s9999 xx 000 0 eng d
020 _a9781003209423
037 _aEBOOK
040 _aCRL
040 _beng
040 _cCRL
041 _2eng
041 _aeng
084 _qCRL
100 _aJürgen Trabant
_91193749
245 0 _aVico's New Science of Ancient Signs
245 2 _bA Study of Sematology
260 _bTaylor and Francis
260 _c2003
365 _a
365 _b230
856 _uhttp://www.taylorfrancis.com/books/9781003209423
942 _cEBOOK
999 _c1792988
_d1792988